Statistics for Nepal Airlines Destinations

Click here to take the quiz!

General Stats

  • This quiz has been taken 118 times
  • The average score is 6 of 29

Answer Stats

Answer % Correct
Delhi
86%
Mumbai
80%
Kathmandu
74%
Bangkok
58%
Dubai
54%
Hong Kong
47%
Doha
43%
Kuala Lumpur
38%
Bangalore
37%
Pokhara
25%
Lukla
20%
Nepalgunj
7%
Biratnagar
7%
Jomsom
4%
Dhangadhi
2%
Bhairahawa
2%
Phaplu
1%
Bhadrapur
1%
Talcha
1%
Tumlingtar
1%
Dolpa
0%
Jumla
0%
Chaurhari
0%
Lamidanda
0%
Bhojpur
0%
Bajhang
0%
Rumjatar
0%
Simikot
0%
Thamkharka
0%

Score Distribution

Percentile by Number Answered

Percent of People with Each Score

Your Score History

You have not taken this quiz